What Diocese is it in? - Statistics

General Stats
  • This quiz has been taken 23 times
  • The average score is 7 of 15
Answer Stats
Location Diocese of % Correct
St. Peter's Basilica Rome
100%
Florida Keys Miami
91%
The White House Washington
91%
Manhattan New York
86%
The Pentagon Arlington
50%
Machu Picchu Cusco
41%
Mount Rushmore Rapid City
41%
Myrtle Beach Charleston
32%
Mackinac Island Marquette
27%
Easter Island Valparaíso
27%
Lake Placid Ogdensburg
23%
Cape York Peninsula Cairns
18%
Okinawa Island Naha
18%
Chichen Itza Yucatán
14%
Stonehenge Clifton
9%
No matching quizzes found
Score Distribution
Percent of People with Each Score
Percentile by Number Answered
Your Score History
You have not taken this quiz